000 00853nam a2200253Ia 4500
003 OSt
005 20221005113204.0
006 a|||||r|||| 00| 0
007 ta
008 221004b |||||||| |||| 00| 0 pan d
020 _c200
024 _a116960
037 _b660, 22/03/2012, H.K. Prakashan
_cTextual
040 _aCRL
_cCRL
_bpan
041 _2pan
_apan
082 _aO153,2NSW1:g, P5
100 _aਸਰਬਜੀਤ ਸਿੰਘ, ਥਦ।
245 0 _aਮਿੱਥ ਅਤੇ ਵਰਤਮਾਨ
260 _aਪੰਜਾਬ
_bਚੇਤਨਾ ਪ੍ਰਕਾਨ ਭਾਰਤ
_c2005
300 _a216ਪੰ
_ccm.
650 _aਪੰਜਾਬੀ ਸਾਹਿਤ
942 _hO153,2NSW1:g, P5
_cTEXL
_2cc
999 _c1027334
_d1027334